000 00578nam a2200193 a 4500
005 20140310183554.0
008 111015s19uu xx 00 eng d
020 _a9781606238646
050 _aRC 569.5.B67
_b.P366 2010
100 _aParis, Joel
245 _aTreatment of borderline personality disorder :
_ba guide to evidence-based practice /
_cJoel Paris.
260 _aNew York :
_bThe Guilford Press,
_c2010.
300 _a260 p. :
_c23 cm.
521 _aPSYCH
650 _aPersonality disorder
650 _aTemperament
942 _cBK
_2lcc
_kFOR
999 _c24996
_d24996